The design and performance of road pavements / (Record no. 544067)
[ view plain ]
| 000 -LEADER | |
|---|---|
| fixed length control field | 00732pam a2200205 a 4500 |
| 020 ## - INTERNATIONAL STANDARD BOOK NUMBER | |
| International Standard Book Number | 0077074084 |
| 082 00 - DEWEY DECIMAL CLASSIFICATION NUMBER | |
| Classification number | 625.8 |
| Author Mark | CRO |
| -- | L-37, P-60, |
| 100 1# - MAIN ENTRY--PERSONAL NAME | |
| Personal name | Croney, David, |
| 9 (RLIN) | 39605 |
| 245 14 - TITLE STATEMENT | |
| Title | The design and performance of road pavements / |
| Statement of responsibility, etc. | David Croney and Paul Croney. |
| 250 ## - EDITION STATEMENT | |
| Edition statement | 2nd ed. |
| 260 ## - PUBLICATION, DISTRIBUTION, ETC. | |
| Place of publication, distribution, etc. | London ; |
| -- | New York : |
| Name of publisher, distributor, etc. | McGraw-Hill Book Co., |
| Date of publication, distribution, etc. | c1991. |
| 300 ## - PHYSICAL DESCRIPTION | |
| Extent | x, 592 p. : |
| Other physical details | ill. ; |
| Dimensions | 25 cm. |
| 526 ## - STUDY PROGRAM INFORMATION NOTE | |
| Program name | 0 |
| Interest level | 0 |
| Reading level | 0 |
| Title point value | 625_800000000000000_CRO |
| 650 #0 - SUBJECT ADDED ENTRY--TOPICAL TERM | |
| Topical term or geographic name entry element | MCE |
| 9 (RLIN) | 379 |
| 650 #0 - SUBJECT ADDED ENTRY--TOPICAL TERM | |
| Topical term or geographic name entry element | Pavements |
| Geographic subdivision | Great Britain |
| General subdivision | Design and construction. |
| 9 (RLIN) | 39606 |
| 650 #0 - SUBJECT ADDED ENTRY--TOPICAL TERM | |
| Topical term or geographic name entry element | Pavements |
| Geographic subdivision | Great Britain |
| General subdivision | Maintenance and repair. |
| 9 (RLIN) | 39607 |
| 650 #0 - SUBJECT ADDED ENTRY--TOPICAL TERM | |
| Topical term or geographic name entry element | Pavements |
| Geographic subdivision | Great Britain |
| General subdivision | Testing. |
| 9 (RLIN) | 39608 |
| 700 1# - ADDED ENTRY--PERSONAL NAME | |
| Personal name | Croney, Paul, |
| 9 (RLIN) | 39609 |
| 942 ## - ADDED ENTRY ELEMENTS (KOHA) | |
| Source of classification or shelving scheme | |
| Koha item type | Book |
| Withdrawn status | Lost status | Source of classification or shelving scheme | Damaged status | Not for loan | Permanent Location | Current Location | Date acquired | Total Checkouts | Full call number | Barcode | Date last seen | Price effective from | Koha item type |
|---|---|---|---|---|---|---|---|---|---|---|---|---|---|
| Military College of Engineering (MCE) | Military College of Engineering (MCE) | 04/10/2014 | 625.8 CRO | MCE-28754 | 04/10/2014 | 04/10/2014 | Book |
